| 000 | 00505nam a2200169 a 4500 | ||
|---|---|---|---|
| 005 | 20140310183554.0 | ||
| 008 | 111015s19uu xx 00 eng d | ||
| 020 | _a9781593856427 | ||
| 050 |
_aRC 552.E18 _b.As83 2008 |
||
| 245 |
_aAssessment of eating disorders / _cedited by James Mitchell, Carol Peterson. |
||
| 260 |
_aNew York : _bThe Guilford Press, _c2008. |
||
| 300 |
_a242 p. : _c23 cm. |
||
| 521 | _aPSYCH | ||
| 650 |
_aEating disorders _xDiagnosis |
||
| 942 |
_cBK _2lcc _kFOR |
||
| 999 |
_c24998 _d24998 |
||